Gaming Quiz

Random Gaming Quiz

PS2 Games with 2 Million Sold Copies Quiz Stats

 Plays Quiz not verified by Sporcle

Score 0/64 Timer 08:00
0 Plays Today
Game % Correct
Grand Theft Auto: Vice City
85.4%
Grand Theft Auto: San Andreas
80.5%
Grand Theft Auto III
70.7%
Metal Gear Solid 2: Sons of Liberty
53.7%
Gran Turismo 3: A-Spec
48.8%
Metal Gear Solid 3: Snake Eater
48.8%
Gran Turismo 4
46.3%
Final Fantasy X
43.9%
Ratchet & Clank
43.9%
Resident Evil 4
43.9%
God of War
34.1%
Crash Bandicoot: The Wrath of Cortex
31.7%
Tekken 5
29.3%
Final Fantasy XII
29.3%
Kingdom Hearts
29.3%
Madden NFL 2005
26.8%
Madden NFL 2004
26.8%
Madden NFL 2002
24.4%
Devil May Cry
24.4%
Final Fantasy X-2
22%
Madden NFL 06
22%
Need for Speed: Underground
22%
Madden NFL 2003
22%
Madden NFL 07
22%
Tony Hawk's Pro Skater 3
22%
Medal of Honor: Frontline
19.5%
Tekken Tag Tournament
19.5%
Need for Speed: Underground 2
19.5%
ESPN NFL 2K5
19.5%
Max Payne
17.1%
Guitar Hero II
14.6%
Ratchet & Clank: Up Your Arsenal
14.6%
Game % Correct
Spider-Man
14.6%
Medal of Honor: Rising Sun
14.6%
Tony Hawk's Underground
14.6%
Kingdom Hearts II
12.2%
Ratchet & Clank: Going Commando
12.2%
Pro Evolution Soccer 3
12.2%
Need for Speed: Most Wanted
12.2%
Pro Evolution Soccer 2
12.2%
Jak and Daxter: The Precursor Legacy
9.8%
EyeToy: Play
9.8%
Guitar Hero III: Legends of Rock
9.8%
The Simpsons: Hit & Run
9.8%
Lego Star Wars: The Video Game
9.8%
Star Wars: Battlefront II
9.8%
True Crime: Streets of LA
9.8%
Dragon Quest VIII: Journey of the Cursed King
7.3%
God of War II
7.3%
Dragon Ball Z: Budokai
7.3%
SOCOM: U.S. Navy SEALs
4.9%
The Lord of the Rings: The Two Towers
4.9%
The Simpsons: Road Rage
4.9%
Ratchet: Deadlocked
4.9%
007: Agent Under Fire
4.9%
Dragon Ball Z: Budokai 2
4.9%
Dragon Ball Z: Budokai Tenkaichi 3
2.4%
The Getaway
2.4%
WWE SmackDown! vs. Raw 2006
2.4%
Ace Combat 04: Shattered Skies
2.4%
SOCOM II: U.S. Navy SEALs
2.4%
Everybody's Golf 3
2.4%
Onimusha: Warlords
2.4%
WWE SmackDown! vs. Raw
2.4%

You're not logged in!

Compare scores with friends on all Sporcle quizzes.
OR
Log In

Sporcle TV

Today on Sporcle TV


Watch our educational content, quiz creation guides, and fun videos on Sporcle TV.

Show Comments

Extras

Top Quizzes Today


Score Distribution

Your Account Isn't Verified!

In order to create a playlist on Sporcle, you need to verify the email address you used during registration. Go to your Sporcle Settings to finish the process.

Report this User

Report this user for behavior that violates our Community Guidelines.

Details: